| 000 | 00902nam a22001937a 4500 | ||
|---|---|---|---|
| 008 | 200211b xxu||||| |||| 00| 0 eng d | ||
| 020 | _a26650851 | ||
| 050 | _aREF. | ||
| 245 |
_aCommercial law reports of Ghana (2008-2018)1 C.L.R.G. / _cedited by Godwin Djokoto. |
||
| 260 |
_aAccra : _bLegal Platform, _c2018. |
||
| 300 |
_axxii, 237 . : _c24 cm. |
||
| 505 | _aContents: Preface -- Index of cases reported -- Index of cases (Ghanaian and foreign) judicially considered -- Index of statutes (Ghanaian and foreign) judicially considered -- Index of international conventions and protocols judicially considered -- Index of books and monographs judicially considered -- Index of subject-matter of cases reported. | ||
| 700 | _aDjokoto, Godwin. | ||
| 700 | _aCoffie, Portia. | ||
| 700 | _aGyabeng, Robert Henry. | ||
| 700 | _aAdablah, Karen. | ||
| 700 | _aAlesu-Dordzi, Samuel. | ||
| 942 |
_2lcc _cBK |
||
| 999 |
_c7085 _d14585 |
||